| Tag |
First Indicator |
Second Indicator |
Subfields |
| LEADER |
00000cam a2200000Ia 4500 |
| 001 |
in00004530985 |
| 005 |
20190418084139.0 |
| 006 |
m o d |
| 007 |
cr cn ---||||| |
| 008 |
130211s2013 njua ob 001 0 eng d |
| 019 |
|
|
|a 843192005
|
| 020 |
|
|
|a 9781118506295 (electronic bk.)
|
| 020 |
|
|
|a 1118506294 (electronic bk.)
|
| 035 |
|
|
|a (OCoLC)ocn827236317
|
| 035 |
|
|
|a (OCoLC)827236317
|z (OCoLC)843192005
|
| 035 |
|
|
|z (UtOrBLW)60367
|
| 035 |
|
|
|a 86696
|
| 037 |
|
|
|a 447185
|b MIL
|
| 040 |
|
|
|a N$T
|b eng
|c N$T
|d CDX
|d E7B
|d CUX
|d CUS
|d COO
|d OCLCO
|d TMV
|d UtOrBLW
|
| 049 |
|
|
|a TMVM
|
| 060 |
|
4 |
|a SF 997.5.E95
|b G525v 2013eb
|
| 100 |
1 |
|
|a Girling, Simon.
|0 http://id.loc.gov/authorities/names/n2002019316
|
| 245 |
1 |
0 |
|a Veterinary nursing of exotic pets /
|c Simon J. Girling, DZooMed, DipECZM, CBiol, FSB EurProBiol, MRCVS, Royal College of Veterinary Surgeons Recognised Specialist in Zoo and Wildlife Medicine, European Veterinary Specialist in Zoological Medicine (Zoo Health Management).
|
| 250 |
|
|
|a Second edition.
|
| 264 |
|
1 |
|a Chichester, West Sussex :
|b Wiley-Blackwell,
|c 2013.
|
| 300 |
|
|
|a 1 online resource (vii, 368 pages) :
|b illustrations
|
| 336 |
|
|
|a text
|b txt
|2 rdacontent
|
| 337 |
|
|
|a computer
|b c
|2 rdamedia
|
| 338 |
|
|
|a online resource
|b cr
|2 rdacarrier
|
| 500 |
|
|
|a Description based on opening page (viewed Mar. 23, 2014).
|
| 504 |
|
|
|a Includes bibliographical references and index.
|
| 505 |
0 |
|
|a Small mammals -- Basic small mammal anatomy and physiology -- Small mammal housing, husbandry and rearing -- Small mammal handling and chemical restraint -- Small mammal nutrition -- Common diseases of small mammals -- An overview of small mammal therapeutics -- Small mammal diagnostic imaging -- Small mammal emergency and critical care medicine -- Birds -- Basic avian anatomy and physiology -- Avian housing and husbandry -- Avian handling and chemical restraint -- Avian nutrition -- Common avian diseases -- An overview of avian therapeutics -- Avian diagnostic imaging -- Avian emergency and critical care medicine -- Reptiles and amphibians -- Basic reptile and amphibian anatomy and physiology -- Reptile and amphibian housing and husbandry -- Reptile and amphibian handling and chemical restraint -- Reptile and amphibian nutrition -- Common reptile and amphibian diseases -- An overview of reptile and amphibian therapeutics -- Reptile diagnostic imaging -- Reptile emergency and critical care medicine -- Appendix 1 Legislation affecting exotic pet species in the united kingdom -- Appendix 2 Useful addresses and organisations.
|
| 506 |
|
|
|a This title is restricted to authorized TAMU and TAMHSC users.
|
| 500 |
|
|
|a Electronic resource.
|
| 650 |
|
0 |
|a Exotic animals
|x Diseases
|x Nursing.
|
| 650 |
|
0 |
|a Veterinary nursing.
|0 http://id.loc.gov/authorities/subjects/sh85143059
|
| 650 |
|
0 |
|a Pets
|x Diseases
|x Nursing.
|
| 650 |
|
2 |
|a Animals, Domestic.
|0 https://id.nlm.nih.gov/mesh/D000829
|
| 650 |
|
2 |
|a Birds.
|0 https://id.nlm.nih.gov/mesh/D001717
|
| 650 |
|
2 |
|a Reptiles.
|0 https://id.nlm.nih.gov/mesh/D012104
|
| 650 |
|
2 |
|a Amphibians.
|0 https://id.nlm.nih.gov/mesh/D000663
|
| 650 |
|
2 |
|a Animal Technicians.
|0 https://id.nlm.nih.gov/mesh/D017750
|
| 650 |
|
2 |
|a Animal Diseases
|x nursing.
|0 https://id.nlm.nih.gov/mesh/D000820Q000451
|
| 650 |
|
2 |
|a Veterinary Medicine
|x methods.
|0 https://id.nlm.nih.gov/mesh/D014730Q000379
|
| 655 |
|
7 |
|a Ebooks.
|2 local
|
| 655 |
|
7 |
|a Electronic books.
|2 local
|
| 776 |
0 |
8 |
|i Print version:
|a Girling, Simon.
|t Veterinary nursing of exotic pets.
|b 2nd ed.
|d Hoboken : Wiley-Blackwell, 2013
|z 9780470659175
|w (DLC) 2012028349
|w (OCoLC)815834997
|
| 856 |
4 |
0 |
|u http://proxy.library.tamu.edu/login?url=http://onlinelibrary.wiley.com/book/10.1002/9781118782941
|z Connect to the full text of this electronic book
|t 0
|
| 999 |
|
|
|a MARS
|
| 999 |
f |
f |
|s 9061d2c7-7712-3d5d-89ef-463b9d23f707
|i 71511fac-96e0-348c-9598-8bef2e242b3c
|t 0
|
| 952 |
f |
f |
|a Texas A&M University
|b College Station
|c Electronic Resources
|d Available Online
|t 0
|e SF 997.5.E95 G525v 2013eb
|h National Library of Medicine classification
|
| 998 |
f |
f |
|a SF 997.5.E95 G525v 2013eb
|t 0
|l Available Online
|